| 000 | 00792nas a2200253 4500 | ||
|---|---|---|---|
| 001 | BR9101493 | ||
| 003 | BR-BrBNA | ||
| 005 | 20231205092004.0 | ||
| 007 | ta | ||
| 008 | 230509b bl.|||p| |||| 00| 00por d | ||
| 040 |
_aBR-BrBNA _bpor _cBiblioteca Nacional de Agricultura |
||
| 041 | _a(Pt) | ||
| 072 | _aL72 | ||
| 100 | 1 | _aBittencourt, V.R.E.P. | |
| 100 | 1 | _aMassard, C.L. | |
| 100 | 1 | _aGrisi, L. | |
| 245 | 1 | _aAtividade in vitro de alguns piretroides sinteticos no carrapato Amblyomma cajennense (Fabricius, 1787) | |
| 650 | _aCARRAPATO | ||
| 650 | _aCARRAPATICIDA | ||
| 650 | _aIMERSAO | ||
| 773 | 0 |
_tPesquisa Agropecuaria Brasileira (Brazil) _xISSN 0100-204X _g(Oct 1989), v. 24(10) p. 1193-1199 _wBR9101493 |
|
| 909 |
_a202311 _bLúcia _c55 _dLúcia Elande |
||
| 942 |
_2AGRIS _n0 _cANA |
||
| 999 |
_c128558 _d128558 |
||